000 00680nam a2200205 u 4500
005 20250411063830.0
008 160418s2012 mx r 000 0 spa d
020 _a9786077514664
035 _aUPN01000209604
049 _aCG
050 4 _aHN120 D5
_bR4.8
245 0 0 _aReporte sobre la discriminación en México 2012 :
_btrabajo /
_ccoord. Ricardo Raphael de la Madrid.
260 _aMéxico :
_bCONAPRED :
_bCIDE,
_c2012.
300 _a118 p. :
_bgráfs., tablas
650 4 _aDiscriminación
_zMéxico
_921329
650 2 _aDiscriminación en el empleo
_912463
700 1 _aRaphael de la Madrid, Ricardo Miguel,
_d1968-
_ecoord.
_934674
905 _aLibro
999 _c181705
_d181705